Dimensiones económicas de la longevidad : (Record no. 194899)

MARC details
000 -LEADER
campo de control de longitud fija 04884nam a2200397 i 4500
001 - NÚMERO DE CONTROL
campo de control 194899
003 - IDENTIFICADOR DE NÚMERO DE CONTROL
campo de control ES-GrU
005 - FECHA Y HORA DE LA ÚLTIMA TRANSACCIÓN
campo de control 20250708193621.0
007 - CAMPO FIJO DE DESCRIPCIÓN FÍSICA--INFORMACIÓN GENERAL
campo de control de longitud fija ta
008 - DATOS DE LONGITUD FIJA--INFORMACIÓN GENERAL
campo de control de longitud fija 240321s2023 sp d rb 001 0 spa d
017 ## - NÚMERO DE COPYRIGHT O DE DEPÓSITO LEGAL
Número de copyright o de depósito legal BI 00815-2023
Agencia que asigna Oficina Depósito Legal Bilbao
020 ## - NÚMERO INTERNACIONAL ESTÁNDAR DEL LIBRO
Número Internacional Estándar del Libro 9788492937967
035 ## - NÚMERO DE CONTROL DEL SISTEMA
Número de control de sistema (OCoLC)1429709513
040 ## - FUENTE DE CATALOGACIÓN
Centro catalogador/agencia de origen BUS
Lengua de catalogación spa
Centro/agencia modificador UGR
Normas de descripción rda
Centro/agencia transcriptor ES-MaACL
080 ## - NÚMERO DE LA CLASIFICACIÓN DECIMAL UNIVERSAL
Número de la Clasificación Decimal Universal 338.1-053.9(460)
100 ## - ENTRADA PRINCIPAL--NOMBRE DE PERSONA
Nombre de persona Catalán Piera, Alba
9 (RLIN) 236521
Término indicativo de función/relación Autor
245 10 - MENCIÓN DEL TÍTULO
Título Dimensiones económicas de la longevidad :
Resto del título evidencia del caso español /
Mención de responsabilidad, etc. Alba Catalán Piera, Joaquín Maudos Villarroya
250 ## - MENCION DE EDICION
Mención de edición Primera edición, julio 2023
264 #1 - PRODUCCIÓN, PUBLICACIÓN, DISTRIBUCIÓN, FABRICACIÓN Y COPYRIGHT
Producción, publicación, distribución, fabricación y copyright Madrid :
Nombre del de productor, editor, distribuidor, fabricante Fundación BBVA,
Fecha de producción, publicación, distribución, fabricación o copyright 2023
264 #4 - PRODUCCIÓN, PUBLICACIÓN, DISTRIBUCIÓN, FABRICACIÓN Y COPYRIGHT
Fecha de producción, publicación, distribución, fabricación o copyright ©2023
300 ## - DESCRIPCIÓN FÍSICA
Extensión 300 páginas :
Otras características físicas gráficos (blanco y negro) ;
Dimensiones 24 cm
336 ## - TIPO DE CONTENIDO
Término de tipo de contenido texto
Código de tipo de contenido txt
Fuente rdacontent
337 ## - TIPO DE MEDIO
Nombre/término del tipo de medio sin mediación
Código del tipo de medio n
Fuente rdamedia
338 ## - TIPO DE SOPORTE
Nombre/término del tipo de soporte volumen
Código del tipo de soporte nc
Fuente rdacarrier
504 ## - NOTA DE BIBLIOGRAFÍA, ETC.
Nota de bibliografía, etc. p. 279-286
520 2# - RESUMEN, ETC.
Sumario, etc. El objetivo de este libro es analizar las dimensiones económicas de la longevidad, aportando evidencia del caso español. En concreto, analiza las características socioeconómicas de los mayores, el gasto privado y público asociado a este colectivo y su impacto económico, los efectos de la longevidad por el lado de la oferta y la importancia del trabajo asociado al cuidado de los mayores, tanto remunerado como no remunerado. El gasto privado que realiza el colectivo analizado (65 y más años) y el gasto público en su favor generan un impacto equivalente al 11,7 % del producto interior bruto (PIB) y el 20,4 % del empleo, lo que da muestras de la importancia de la silver economy. El aumento de la longevidad supone repensar los sistemas de atención a la dependencia y la viabilidad del actual sistema, que se sustenta mayoritariamente de manera informal por los familiares, especialmente por las mujeres. Un cambio de modelo hacia una atención profesional supondría un importante yacimiento de empleo y generación de riqueza, pero cuenta con el reto de cómo repartir la carga de su financiación. Poniendo el foco en el largo plazo, la longevidad puede afectar al crecimiento potencial de la economía. Este efecto se ha explorado por tres vías: a través de la composición de la población según la participación en el proceso de producción (activos e inactivos); a través de su impacto en la productividad; y según la composición del empleo por grupos de edad desde el punto de vista de los sectores y las ocupaciones. Combinando diversas bases de datos de instituciones nacionales e internacionales, la obra contiene análisis de prospectiva que pueden ser de utilidad para la toma de decisiones en el ámbito de las políticas públicas, ofreciendo reflexiones para el público en general que está interesado en conocer los retos que plantea la longevidad en España, en especial para el mantenimiento del estado del bienestar. El aumento de la longevidad supone repensar los sistemas de atención a la dependencia y la viabilidad del actual sistema, que se sustenta mayoritariamente de manera informal por los familiares, especialmente por las mujeres. Un cambio de modelo hacia una atención profesional supondría un importante yacimiento de empleo y generación de riqueza, pero cuenta con el reto de cómo repartir la carga de su financiación. Poniendo el foco en el largo plazo, la longevidad puede afectar al crecimiento potencial de la economía. Este efecto se ha explorado por tres vías: a través de la composición de la población según la participación en el proceso de producción (activos e inactivos); a través de su impacto en la productividad; y según la composición del empleo por grupos de edad desde el punto de vista de los sectores y las ocupaciones. Combinando diversas bases de datos de instituciones nacionales e internacionales, la obra contiene análisis de prospectiva que pueden ser de utilidad para la toma de decisiones en el ámbito de las políticas públicas, ofreciendo reflexiones para el público en general que está interesado en conocer los retos que plantea la longevidad en España, en especial para el mantenimiento del estado del bienestar.
Fuente [Texto del editor]
650 #0 - PUNTO DE ACCESO ADICIONAL DE MATERIA--TÉRMINO DE MATERIA
Término de materia o nombre geográfico como elemento de entrada Longevidad-
Subdivisión general Aspectos económicos-
Subdivisión geográfica España
Fuente del encabezamiento o término EMBUS
9 (RLIN) 236522
700 ## - ENTRADA AGREGADA--NOMBRE PERSONAL
Nombre de persona Maudos Villarroya, Joaquín,
Fechas asociadas al nombre 1966-
Término indicativo de función/relación Autor
9 (RLIN) 236523
852 ## - LOCALIZACIÓN
Ubicación ES-MaACL
Ubicación en estantería Depósito J
Número de control de estantería N-9916
Encuadernación Encuadernación rústica con solapas
Donativo/Legado Donación: Editorial
itemnumber 205836
856 42 - LOCALIZACIÓN Y ACCESO ELECTRÓNICOS
Identificador Uniforme de Recursos <a href="https://www.fbbva.es/wp-content/uploads/2023/09/DE_2023_Dimensiones-Economicas-Longevidad_Ivie.pdf">https://www.fbbva.es/wp-content/uploads/2023/09/DE_2023_Dimensiones-Economicas-Longevidad_Ivie.pdf</a>
Texto de enlace Versión digital
942 ## - ELEMENTOS DE ENTRADA SECUNDARIOS (KOHA)
Tipo de ítem Koha Libro impreso
Suprimir en OPAC No
Holdings
Estatus retirado Estado de pérdida Fuente del sistema de clasificación o colocación Estado de daño No para préstamo Biblioteca de origen Biblioteca actual Ubicación en estantería Fecha de adquisición Fuente de adquisición Total de préstamos Signatura topográfica completa Código de barras Visto por última vez Precio de reemplazo Tipo de ítem Koha
    Clasificación decimal universal     Biblioteca del Ateneo de Madrid Biblioteca del Ateneo de Madrid Depósito J 26/05/2025 Donación   N-9916 101230175 26/05/2025 26/05/2025 Libro impreso